Contenidos en el nivel inicial para los chicos del jardín de infantes y el preescolar
Сохранить в:
| Формат: | |
|---|---|
| Язык: | испанский |
| Опубликовано: |
Buenos Aires
Atlantic
2001
|
| Редактирование: | 1a. ed |
| Предметы: | |
| Метки: |
Добавить метку
Нет меток, Требуется 1-ая метка записи!
|
MARC
| LEADER | 00000nam a2200000 a 4500 | ||
|---|---|---|---|
| 001 | UCK6196 | ||
| 003 | CL-VaPUC | ||
| 008 | 050909e20010000AG |||||||||||||||||spa|d | ||
| 082 | 0 | 4 | |a 372.21 |b CON |2 21 |
| 245 | 1 | 0 | |a Contenidos en el nivel inicial para los chicos del jardín de infantes y el preescolar |
| 246 | 1 | 0 | |a Poesías, cuentos, historietas, recortables, juegos, ecología |
| 246 | 1 | 0 | |a Actividades para compartir aplicando la transformación de la Ley Federal de Educación |
| 246 | 1 | 0 | |a Carpeta de trabajo |
| 250 | |a 1a. ed | ||
| 300 | |a Pág. irreg | ||
| 942 | |c BK | ||
| 945 | |d 20050909 00:00:00 |a cmena | ||
| 260 | |a Buenos Aires |b Atlantic |c 2001 | ||
| 650 | 0 | |a Educación preescolar |9 260381 | |
| 650 | 0 | |a Métodos de enseñanza |9 270413 | |
| 650 | 0 | |a Planificación del currículo |9 269599 | |
| 650 | 7 | |a MATERIAL Y EQUIPO DIDACTICOS |2 CL-VaPUC |9 309109 | |
| 583 | |a last modification |c 20050909 00:00:00 |k Rodrigo Vera | ||
| 999 | |c 314507 |d 314505 | ||
| 952 | |0 0 |1 0 |4 0 |6 372_210000000000000_CON_2001 |7 0 |8 A |9 386813 |a BIBEDU |b BIBEDU |c ES_NOD |d 2019-11-22 |i 4155718 |o 372.21 CON 2001 |p 4155718 |r 2023-08-09 |w 2019-11-22 |y BK |k PAR | ||